000 00490nam a2200181Ia 4500
005 20250326124142.0
008 250326s9999 xx 000 0 und d
037 _aTextbook
040 _aFMSL
_beng
_cFMSL
041 _aeng
_2eng
084 _aX:5:Z2 L6
_qFMSL
100 _aSingh A
_9129342
245 0 _aPrinciples of mercantile law
_cSingh A
260 _aLucknow
_bLucknow, Eastern Book
_c1976
300 _a943p
942 _cTB
_hX:5:Z2 L6
999 _c1272498
_d1272498